Cities From Above - #3 - Statistics

General Stats
  • This quiz has been taken 949 times
  • The average score is 4 of 10
Answer Stats
Picture Answer % Correct
Dubai
99%
Vatican City
86%
Las Vegas
55%
Vancouver
43%
Vienna
36%
Hong Kong
32%
Buenos Aires
23%
Auckland
21%
Tunis
21%
Pyongyang
15%
No matching quizzes found
Score Distribution
Percent of People with Each Score
Percentile by Number Answered
Your Score History
You have not taken this quiz